[Event "World Amateur-ch U2000"]
[Site "Cagliari"]
[Date "2018.04.24"]
[Round "4"]
[White "Quijada, Leonardo"]
[Black "Gibbs, Dominic V"]
[Result "0-1"]
[WhiteElo "1999"]
[BlackElo "1880"]
[PlyCount "148"]
[EventDate "2018.04.22"]
[EventType "swiss"]
[EventRounds "9"]
[EventCountry "ITA"]
[SourceTitle "CBM 184 Extra"]
[Source "ChessBase"]
[SourceDate "2018.06.28"]
[SourceVersion "1"]
[SourceVersionDate "2018.06.28"]
[SourceQuality "1"]

1. e4 g6 2. d4 Bg7 3. Nc3 c6 4. Nf3 d6 5. Be3 Qb6 6. Rb1 Nd7 7. Qd2 Qc7 8. Bc4 Nb6 9. Bb3 e6 10. 0-0 Bd7 11. a4 a5 12. Rbd1 h6 13. Rfe1 Ne7 14. h3 g5 15. d5 cxd5 16. Nd4 Nc4 17. Bxc4 Qxc4 18. Ndb5 Bxb5 19. Nxb5 0-0 20. b3 Qc6 21. Bd4 e5 22. exd5 Qd7 23. Bb6 f5 24. Nc7 Rac8 25. Ne6 Rf7 26. c4 Bf6 27. Bxa5 Ng6 28. Bb6 Be7 29. a5 Kh7 30. Ra1 Ra8 31. Rec1 Nf8 32. Nc7 Rc8 33. a6 bxa6 34. Nxa6 g4 35. hxg4 Bg5 36. Be3 f4 37. Qd3+ Kg8 38. Bb6 f3 39. gxf3 Bxc1 40. Rxc1 Qb7 41. c5 dxc5 42. Bxc5 Rf6 43. Nb4 Rxc5 44. Rxc5 Qxb4 45. Rc6 Qf4 46. Rxf6 Qxf6 47. d6 Qe6 48. b4 Nd7 49. b5 Kg7 50. Kh2 Kf8 51. Qa3 Kf7 52. Qd3 Ke8 53. Qa3 Qd5 54. Qa6 Kf7 55. Qc6 Ke6 56. Kg3 Qxd6 57. Kh4 Nf6 58. g5 hxg5+ 59. Kxg5 Qxc6 60. bxc6 Nd5 61. Kg6 Ne7+ 62. Kg5 Nxc6 63. f4 e4 64. f5+ Ke5 65. f6 Nd8 66. Kg6 Ke6 67. Kg7 Nf7 68. Kg6 Nd6 69. Kg5 Ke5 70. Kg6 Kf4 71. Kg7 Kf3 72. Kf8 Kxf2 73. Ke7 Nf5+ 74. Ke6 Nh6 0-1